000 01514nam a2200361 4500
003 EG-GICUC
005 20260121101538.0
008 251225s1998 ua ||||fr|||| 00| 0 ara d
017 _a831626
020 _a9770400491
040 _a EG-GICUC
_bara
_c EG-GICUC
_d EG-GICUC
_erda
041 0 _aara
082 0 4 _221
_a341.52
_bن ب . ت
092 0 4 _221
099 _aLaw1 11 341.52 ن ب . ت 1998
100 0 _aنبيل أحمد حلمي
_eمؤلف.
245 1 2 _aالتوفيق كوسيلة سلمية لحل المنازعات الدولية في القانون الدولي العام /
_cنبيل أحمد حلمي.
264 1 _aالقاهرة :
_bدار النهضة العربية،
_c1998.
300 _a133 صفحة ؛
_c24 سم.
336 _2rda content
_atext
337 _2rda media
_aComputer
338 _2rda carrier
_aOnline Resource
500 _aيحتوي على ملاحق
500 _aاهداء مكتبة ا.د. صلاح عامر
504 _aيحتوي على ارجاعات ببليوجرافية يحتوي على قائمة بالمراجع
546 _aالنص أغلبه باللغة العربية مع بعض النصوص الفرنسية
650 1 4 _aالوسائل غير القضائية -- تسوية المنازعات الدولية
_xالقانون الدولي العام.
_2qrmak
650 1 4 _aالتوفيق
_2qrmak
651 1 _2qrmak
856 4 0 _uhttps://fll.law.cu.edu.eg/fulltext/bks/B11-06031.pdf
905 _a75
942 _2ddc
_n0
_cBK
_e21
999 _c52527
_d52527